Estudio longitudinal sobre la influencia del tipo de residencia, familiar-escolar, en las transiciones de la escuela al trabajo /

En este trabajo se presentan los resultados correspondientes al segundo punto temporal (tiempo2) de la investigación longitudinal iniciada cinco años antes, sobre una muestra de 187 participantes, residentes en dos contextos distintos : hogar familiar/residencia escolar. En tiempo 2, su edad oscila...

Descripción completa

Detalles Bibliográficos
Autor principal: García, J. Miguel Angel
Otros Autores: Monteoliva, Adelaida
Formato: Analitica de revista
Lenguaje:español

MARC

LEADER 00000cab a2200000 a 4500
001 041423
003 UAHC_CL
005 20170803124554.0
008 051228b xx j 000 1 spa
040 |a UAHC_CL  |c UAHC_CL  |d UAHC_CL 
100 1 |a García, J. Miguel Angel 
245 1 0 |a Estudio longitudinal sobre la influencia del tipo de residencia, familiar-escolar, en las transiciones de la escuela al trabajo /  |c J. Miguel Angel García, Adelaida Monteoliva. 
500 |a Revista de Psicología Social (España) 2000, vol 15 (3). p. 357-367 
500 |a Revista de Psicología Social (España) 2000, vol 15 (3). p. 357-367 
520 |a En este trabajo se presentan los resultados correspondientes al segundo punto temporal (tiempo2) de la investigación longitudinal iniciada cinco años antes, sobre una muestra de 187 participantes, residentes en dos contextos distintos : hogar familiar/residencia escolar. En tiempo 2, su edad oscila entre los 17 y los 19 años. Los objetivos perseguidos han sido, por una parte, analizar las diferencias entre ambos grupos respecto a su situación educativa o laboral en este punto temporal y, por otra parte, comprobar si las diferencias que se habían constatado en la primera transición (cuatro años antes: tiempo 1) habían sufrido variaciones significativas. Los resultados indican que el haber vivido en una residencia durante los años escolares se relaciona con la posición social futura de los jóvenes. Comparados, transversalemente, en tiempo 2, con los que han vivido en el hogar familiar, los niveles educativos que alcanzan son más bajos, abandonan o dejan de estudiar antes y se insertan con edades más tempranas en el mundo laboral, pero en trabajos de baja calificación. Los resultados longitudinales, cuando se compara la situación de ambos grupos en tiempo 1 con la situación en tiempo 2, no solo confirman las diferencias apuntadas, sino que indican que se ha producido un incremento significativo de esas diferencias. 
520 |a En este trabajo se presentan los resultados correspondientes al segundo punto temporal (tiempo2) de la investigación longitudinal iniciada cinco años antes, sobre una muestra de 187 participantes, residentes en dos contextos distintos : hogar familiar/residencia escolar. En tiempo 2, su edad oscila entre los 17 y los 19 años. Los objetivos perseguidos han sido, por una parte, analizar las diferencias entre ambos grupos respecto a su situación educativa o laboral en este punto temporal y, por otra parte, comprobar si las diferencias que se habían constatado en la primera transición (cuatro años antes: tiempo 1) habían sufrido variaciones significativas. Los resultados indican que el haber vivido en una residencia durante los años escolares se relaciona con la posición social futura de los jóvenes. Comparados, transversalemente, en tiempo 2, con los que han vivido en el hogar familiar, los niveles educativos que alcanzan son más bajos, abandonan o dejan de estudiar antes y se insertan con edades más tempranas en el mundo laboral, pero en trabajos de baja calificación. Los resultados longitudinales, cuando se compara la situación de ambos grupos en tiempo 1 con la situación en tiempo 2, no solo confirman las diferencias apuntadas, sino que indican que se ha producido un incremento significativo de esas diferencias. 
700 1 |a Monteoliva, Adelaida 
759 |a PP142 
773 0 |t Revista de sociología  |w 041937 
900 |a REV. PSICOL. SOC.-03/00 
942 |c REVA 
952 |0 0  |1 0  |4 0  |6 REV___PSICOL__SOC_03_00_000000000000000  |7 0  |8 General  |9 77754  |a BC  |b BC  |c General  |d 2017-08-03  |l 0  |o REV. PSICOL. SOC.-03/00  |p FICTICIO6882  |r 2019-01-08 00:00:00  |t 1  |w 2017-08-03  |y REVA 
999 |c 41423  |d 41423